000 00440 a2200145 4500
020 _a0-07-011392-0
082 _a624.171
_bCLO
_cL-26 P-59
100 _aClough, Ray W And Penzien
_942682
245 _aDynamics of structures
260 _aSINGAPORE
_bMcGraw Hill International Edition
_c1975I
300 _aXVII 631P.
_c22CM
526 _a0
_b0
_c0
_d624_171000000000000_CLO
526 _a0
_b0
_c0
_d624_171000000000000_CLO
942 _2ddc
_cBKB
999 _c546532
_d546532